000 00342nam a2200145 i 4500
001 bg
100 1 _aCHRZANOWSKI, Tadeusz
245 0 _aKrynica /
_cTadeusz Chrzanowski.
260 _aWarszawa,
_c1980.
040 _cBPK
041 _apol
080 _a779:914.38A//Z+72(438)A/Z
942 _cKS
008 s pl f |000 0 pol
999 _c19468
_d19468
856 _uhttp://koha.tu.koszalin.pl/cgi-bin/koha/opac-detail.pl?biblionumber=19468
_yKatalog online BPK